| 000 | 01088nam0a22002771 4500 | ||
|---|---|---|---|
| 001 | v19\rc\1844286 | ||
| 005 | 20100627133257.5 | ||
| 035 | _a(NLR Aleph) 005255399 | ||
| 090 |
_a5846556 _c5846556 |
||
| 100 | _a20071224d1908 |||y0rusy50 ca | ||
| 101 | 0 | _arus | |
| 102 | _aRU | ||
| 105 | _aa z |||a| | ||
| 200 | 1 |
_aБог на помочь _eРассказы А.А. Федорова-Давыдова _fС рис. в красках А.П. Апсита |
|
| 205 | _a3-е изд. | ||
| 210 |
_aМосква _cА.Д. Ступин _d[1908] |
||
| 215 |
_a32 с., 3 л. цв. ил. _cил. _d25 |
||
| 700 | 1 |
_aФедоров-Давыдов _bА. А. _f1873-1936 _gАлександр Александрович _3RU\NLR\AUTH\7712744 _7ca |
|
| 702 | 1 |
_aАпсит _bА. П. _cхудожник _f1880-1944 _gАлександр Петрович _3RU\NLR\AUTH\7776659 _4440 _7ca |
|
| 801 | 0 |
_aRU _bNLR _c20071224 _gpsbo |
|
| 801 | 0 |
_aRU _bRuMoRGB _c20071224 _2psbo |
|
| 801 | 1 |
_aRU _bProSoft-M _c20071224 _2rusmarc |
|
| 801 | 2 |
_aRU _bNLR _c20100627 _2rusmarc |
|
| 852 |
_aNLR _j34.52.6.1340 |
||
| 942 | _cBOOK | ||
| 980 | _aNB | ||